000 00657nam a2200205 i 4500
001 135655
003 ES-MaACL
005 20250815001141.0
007 t|
008 070720s1977 sp ||||1| spa d
080 _a37.02:930.9"04/14"
080 _a930.9"04/14":37.02
100 1 _aTorres Delgado, Cristóbal.
_9110946
245 1 0 _aIntroducción al estudio de la historia medieval
_b: (guía para estudiantes) /
_cCristóbal Torres Delgado.
260 _aGranada :
_b[Gráf. del Sur],
_c1977.
300 _a4 h., 178 p. ;
_c25 cm.
650 7 _aHistoria medieval
_2embne
_913411
852 _aES-MaACL
_jA-7054
_bR.95744
999 _c135655
_d135655